| 000 | 00823nam a2200277Ia 4500 | ||
|---|---|---|---|
| 003 | OSt | ||
| 005 | 20220918201325.0 | ||
| 006 | a|||||r|||| 00| 0 | ||
| 007 | ta | ||
| 008 | 220917b |||||||| |||| 00| 0 eng d | ||
| 024 | _a93,129 | ||
| 037 | _cTextual | ||
| 040 |
_aARTS _cARTS _beng |
||
| 041 |
_2eng _aeng |
||
| 082 | _aV1:51w, L0 | ||
| 100 |
_aEddy George Sherwood _998129 |
||
| 245 | 0 |
_aMakers of freedom _b Biography shetches in social progress |
|
| 260 |
_aNew York _bBooks for Libraries Press _c1970 |
||
| 300 |
_a309p. _ccm. |
||
| 490 | _aEssay indesx reprint series | ||
| 500 | _aAppendix p311 | ||
| 650 | _aINDIA - HISTORY - FREEDOM STRUGGLE; HISTORY | ||
| 700 |
_a Page Kirby _998130 |
||
| 942 |
_hV1:51w, L0 _cTEXL _2CC |
||
| 999 |
_c216777 _d216777 |
||